| 000 | 00506cam a22001932a 4500 | ||
|---|---|---|---|
| 001 | 024568 | ||
| 003 | AR-FADEU | ||
| 008 | 311216n1991####xxu####################dd | ||
| 020 | _a84-85691-65-2 | ||
| 092 |
_a302.5 _bA282 _eBDT |
||
| 100 | _aAguiar, Fernando, comp | ||
| 245 | _aIntereses individuales y acción colectiva | ||
| 260 | _aMadrid | ||
| 260 | _bPablo Iglesias | ||
| 260 | _c1991 | ||
| 300 | _a201 p | ||
| 650 | _aACCION COLECTIVA SOCIOLOGIA; COOPERATIVAS-SOCIOLOGIA/BDT/ | ||
| 942 | _cBDT | ||
| 999 |
_c30255 _d30255 |
||